Dificultades de aprendizaje

Gardado en:
Detalles Bibliográficos
Autor Principal: Santiuste Bermejo, Víctor (Author)
Formato: Libro
Idioma:Lingua castelá
Publicado: Madrid Síntesis 1998
Series:Psicología Evolutiva y de la Educación, 11
Subjects:
Tags: Engadir etiqueta
Sen Etiquetas, Sexa o primeiro en etiquetar este rexistro!

MARC

LEADER 00000nam a2200000 a 4500
001 UCO7732
003 CL-VaPUC
008 001117e19980000SP |||||||||||||||||spa|d
082 0 4 |a 371.92  |b SAN  |2 21 
100 0 |a Santiuste Bermejo, Víctor  |e author  |9 452426 
245 1 0 |a Dificultades de aprendizaje 
300 |a 335 p 
942 |c BK 
945 |d 20001117 00:00:00  |a vberengu 
260 |a Madrid  |b Síntesis  |c 1998 
650 0 |a Trastornos del aprendizaje  |9 307969 
650 0 |a Aprendizaje   |9 254827 
650 0 |a Educación especial  |9 307486 
650 0 |a Psicología del aprendizaje  |9 306854 
583 |a last modification  |c 20001117 00:00:00  |k Rodrigo Vera 
490 0 |a Psicología Evolutiva y de la Educación, 11 
999 |c 292613  |d 292611 
952 |0 0  |1 0  |4 0  |6 371_920000000000000_SAN_1998  |7 0  |8 A  |9 343595  |a BIBEDU  |b BIBEDU  |d 2019-11-20  |i 3661881  |o 371.92 SAN 1998  |p 3661881  |r 2019-11-20  |w 2019-11-20  |y BK  |k BME